1238 1761 1913 1107 1584 1745 1429 1906 1610 1511 1620 1374 1696 1647 1723 1227 1852 1416 1691 1922 1971 1640 1576 1832 1425 1274 1429 1914 1256 1029 1386 1941 1245 1001 1880 1211 1590 1250 1397 1353 1424 1868 1276 1978 1342 1512 1264 1965 1810 1446 1890 1541 1508 1647 1874 1727 1628 1151 1375 1436 1136 1445 1401 1910 1375 1902 1011 1745 1234 1424 1392 1406 1746 1923 1688 1839 1306 1224 1693 1920 1489 1333 1263 1020 1470 1605 1596 1881 1569 1463 1161 1080 1585 1175 1439 1345 1916 1429 1756 BCNSPRNW ULIB Ver.6.0+V

เปลี่ยนเป็นภาษาไทย

Change to English
 แสดงรายละเอียดบรรณานุกรม
  กลับหน้าหลัก

Brief Record : Get Marc (ISO 2709) : E-mail record : QR code < ปิดหน้าต่าง
LEADER : 00000nam 2200000uu 4500
001    13399111006
003     ULIB
008    110614s2010||||th 000 0 eng d
020    9780763769956
020    0763769959
060 04 WG39^bB874e 2010
100 1  Brosche, Theresa
245 14 The EKG handbook /^cTheresa Ann Middleton Brosche ;Jeffrey L. Williams, reviewer
260    Sudbury, Mass. :^bJones and Bartlett Publishers,^c2010
300    ix, 250 p. :^bill. ;^c16 x 23 cm.
504    Includes bibliographical references and index
650  2 Electrocardiography^xmethods^vHandbooks
650  2 Electrocardiography^xmethods^vNurses Instruction
650  2 Heart Diseases^xdiagnosis^vHandbooks
650  2 Heart Diseases^xdiagnosis^vNurses Instruction
945    ^p1216^l0^i030153
995    Kesorn
999 ^a ใช้งานได้ทุกระบบ
รายการนี้ยังไม่มีแท็ก
คุณยังไม่ได้ล็อกอิน คุณสามารถมีกิจกรรมร่วมกับเว็บไซต์ได้ แต่ต้องล็อกอินก่อน ::
  ล็อกอิน

รายการสื่อสารสนเทศ

ลำดับที่ ประเภท เลขเรียก/บาร์โค้ด สถานที่ สถานะ
- ไม่พบข้อมูล -

BibComment


ยังไม่เคยถูกคอมเมนท์

คอมเมนท์ทรัพยากรรายการนี้
  คอมเมนท์: The EKG handbook ..


 Copyright 2026. Bcnsprnw @Library